000 00442nam a2200169Ia 4500
003 GCL
008 140319s9999 xx 000 0 ara d
040 _aGCL /
_cGCL
082 0 4 _aد
_b050
100 1 _aراسم محمد الجمال
245 1 0 _aعباس العقاد (اقرا 444 /
_cراسم محمد الجمال
300 _a190
490 _aاقرأ
_v0
650 0 4 _aالصحافة
650 0 4 _aالعقاد
942 _2ddc
_cBK
999 _c49425
_d49425